Представление документа в формате MARC21

Поле Инд. ПП Название Значение
Тип записи a
Библиографический уровень m
001 Контрольный номер 6477a4eb-d831-11d9-8547-008048b56a28
005 Дата корректировки 20140703141907.2
008 Кодируемые данные 050608
020 a ISBN 5-94836-049-0
c Цена, тираж 90.00
040 a Служба первич. каталог. НБ ТвГУ
041 a Код языка текста rus
080 a Индекс УДК 621.39.037.372
084 a Индекс другой классификации/Индекс ББК З88
090 a Полочн. индекс З88
x Авторский знак Ш64
245 00 a Заглавие Широкополосные беспроводные сети передачи информации
c Ответственность В. М. Вишневский, А. И. Ляхов, С. Л. Портной, И. В. Шахнович ; Рос. акад. наук, Ин-т пробл. передачи информации
260 0_ a Место издания Москва
b Издательство Техносфера
c Дата издания 2005
300 a Объем 591 с.
b Иллюстрации/ тип воспроизводства ил., табл.
504 a Библиография Библиогр.: с. 579-591.
583 a Действие Получение впервые 174 08.06.2005
k Исполнитель действия Дар РГГУ
650 a Основная рубрика Передача информации
650 a Основная рубрика Сети передачи данных
650 14 a Основная рубрика Беспроводные сети
653 a Ключевые слова Беспроводные сети передачи информации
a Ключевые слова Передача информации
a Ключевые слова Сети передачи информации
a Ключевые слова Широкополосные беспроводные сети
700 1_ a Другие авторы Вишневский В. М.
e Роль лиц авт.
700 1_ a Другие авторы Ляхов А. И.
e Роль лиц авт.
700 1_ a Другие авторы Портной С. Л.
e Роль лиц авт.
700 1_ a Другие авторы Шахнович И. В.
e Роль лиц авт.
852 t Порядковый номер экземпляра 1
p Инвентарный номер 809327
863 t 00072964
888 a Бесплатные
952 p 174.2005 90.00 1 809327
c Вид литературы К рн
954 a Дата поступления на обработку 20060208
999 a Подразделение 2 Фил3